000 01016nam1a22002651 4500
001 rc\3047723
005 20111008183838.0
035 _a(NLR Aleph) 007187396
090 _a7503599
_c7503599
100 _a20080605d1936 |||y0rusy50 ca
101 0 _arus
102 _aRU
105 _ay z ||||y
200 1 _aАльбом наглядных пособий по судебному праву
_fСост. доц. Д.С. Карев
_gПод ред. проф. А.Я. Вышинского
_gЦентр. заоч. правовой ин-т
210 _aМосква
_cБ. и.
_d1936
_gстеклогр. НКПС
215 _d20х29 см
300 _aСтеклогр. изд.
700 1 _aКарев
_bД. С.
_gДмитрий Степанович
702 1 _aВышинский
_bА. Я.
_4340
712 0 2 _aЦентральный заочный правовой институт
_cМосква
_4570
801 0 _aRU
_bNLR
_gpsbo
801 1 _aRU
_bELAR
_2rusmarc
852 _aNLR
_j36-20/77
942 _cBOOK
980 _aNB